Mathematics for engineers

Αποθηκεύτηκε σε:
Λεπτομέρειες βιβλιογραφικής εγγραφής
Κύριος συγγραφέας: Nicolescu, Lilly Jeanne
Άλλοι συγγραφείς: Stoka, Marius I. (Μεταφραστής)
Μορφή: Βιβλίο
Γλώσσα:English
Romanian
Δημοσίευση: Tunbridge Wells : Abacus Press, c1974.
Θέματα:
Ετικέτες: Προσθήκη ετικέτας
Δεν υπάρχουν, Καταχωρήστε ετικέτα πρώτοι!

MARC

LEADER 00000nam a2200000 a 4500
001 1/126900
008 230621t1974####rm | ||| |||| ||eng||
020 |a 0856260045 
040 |a GR-MyUa  |b gre  |c GR-MyUa  |e AACR2 
041 1 |a eng  |h rum 
082 7 |a 510.2462   |2 (23) 
100 1 |a Nicolescu, Lilly Jeanne. 
245 1 0 |a Mathematics for engineers /   |c L. J. Nicolescu, M. I. Stoka ; [translated by L. J. Nicolescu and A. Georgescu].  
260 |a Tunbridge Wells :   |b Abacus Press,   |c c1974.  
300 |a 2 τ. (460, 412 σ.) :  |b εικ. ;   |c 22 εκ. 
500 |a Τranslation from the Romanian language edition of Matematici pentru ingineri.  
504 |a Περιέχει βιβλιογραφικές αναφορές και ευρετήριο.  
650 0 |a Engineering mathematics. 
700 1 |a Stoka, Marius I.  |e trl 
852 |a INST  |b SAMOS  |e 20230620  |h 510.2462 ΝIC  |p 005300047897  |q 005300047897  |t BK  |v τομ.2:  |y 0 
852 |a INST  |b SAMOS  |e 20230620  |h 510.2462 ΝIC  |p 005300047898  |q 005300047898  |t BK  |v τομ.1:  |y 0 
853 |a INST  |b SAMOS  |h 510.2462 ΝIC 
970 |a Φιλιππή  |b Φάλη  |z 21-06-2023